000 00284nam a22001217a 4500
008 251003b |||||||| |||| 00| 0 eng d
040 _a17
100 _aKumar ,Sunil
245 _aBadminton Skill and Rules
260 _aNew Delhi
_bKhel sahitya kendra
300 _a327
942 _c01
999 _c66423
_d66423